Get Back - The Beatles full Lyrics - Statistics

General Stats
  • This quiz has been taken 29 times
  • The average score is 166 of 207
Answer Stats
Answer % Correct
a
100%
back,
100%
back
100%
Back
100%
Get
100%
get
100%
where
100%
you
100%
you,
100%
he
96%
to
96%
who
96%
once
92%
was
92%
belonged.
88%
belonged,
88%
it
88%
Jojo
88%
Jojo!
88%
thought
88%
but
84%
in
84%
man
84%
man.
84%
Arizona
76%
home
76%
home.
76%
home,
76%
she
76%
Tucson,
76%
his
68%
loner
68%
for
64%
some
64%
woman,
64%
another
60%
California
60%
couldn't
60%
grass.
60%
Loretta
60%
Loretta,
60%
Loretta.
60%
Sweet
60%
can.
56%
Go
56%
knew
56%
the
56%
last.
52%
coming,
44%
while
44%
oh,
40%
Oh,
40%
oh
40%
Your
40%
gets
36%
her
36%
Martin
36%
shoes,
36%
yeah,
36%
Yeah,
36%
yeah!
36%
All
32%
got
32%
she's
32%
and
28%
around
28%
say
28%
girls
24%
sweater,
20%
waitin'
20%
Ooh,
16%
ooh,
16%
wearin'
12%
woo,
12%
woo!
12%
high-heel
8%
low-neck
8%
let
4%
mummy's
4%
No matching quizzes found
Score Distribution
Percent of People with Each Score
Percentile by Number Answered
Your Score History
You have not taken this quiz